The First 100 Words of How to Train Your Dragon - Statistics

General Stats
  • This quiz has been taken 482 times
  • The average score is 25 of 100
Answer Stats
Answer % Correct
Dragon
79%
a
71%
A
71%
Berk,
68%
the
67%
Hiccup
50%
Hiccup,
50%
to
49%
he
42%
and
38%
of
38%
viking
38%
in
35%
on
35%
island.
29%
was
29%
They
28%
had
27%
were
26%
that
23%
at
21%
his
21%
by
19%
name
18%
Haddock
16%
isle
16%
up
16%
Gobber
15%
Horrendous
15%
Third,
15%
with
15%
Long
13%
ago,
12%
been
12%
ever
12%
snow.
11%
snow
11%
tribe
11%
Tribe
11%
boys,
9%
Heir
9%
Ten
9%
Belch,
8%
little
8%
Hairy
7%
Hooligans,
7%
Hope
7%
smallish
6%
stood
6%
wild
6%
windy
6%
ankles
5%
beach
5%
become
5%
bleak
5%
longish
5%
morning.
5%
screamed
5%
since
5%
ATTENTION!"
4%
bleakest
4%
falling.
4%
feeling
4%
full
4%
hoping
4%
including
4%
Initiation
4%
members
4%
Programme.
4%
sick
4%
slightly
4%
whole
4%
woke
4%
heavy
3%
"PAY
3%
standing
3%
passing
2%
spot
2%
No matching quizzes found
Score Distribution
Percent of People with Each Score
Percentile by Number Answered
Your Score History
You have not taken this quiz